Introducing gender and women's studies (Record no. 15846)

MARC details
000 -LEADER
fixed length control field 00507nam a2200181Ia 4500
008 - FIXED-LENGTH DATA ELEMENTS--GENERAL INFORMATION
fixed length control field 230917s9999||||xx |||||||||||||| ||und||
020 ## - ISBN
Price GBP29.99
040 ## - CATALOGING SOURCE
-- 228003
Original cataloging agency VIVEKANANDA LIBRARY
041 ## - Language
-- English
082 ## - DDC NUMBER
Classification number 301.412 R568I(4)
100 ## - MAIN ENTRY--PERSONAL NAME
Personal name Robinson, Victoria, ed.
245 #0 - TITLE STATEMENT
Title Introducing gender and women's studies
250 ## - EDITION STATEMENT
Edition statement 4th ed.
260 ## - PUBLICATION, DISTRIBUTION, ETC. (IMPRINT)
Place of publication, distribution, etc London
Name of publisher, distributor, etc Macmillan Publishers
Date of publication, distribution, etc 2015
300 ## - PHYSICAL DESCRIPTION
Pages xxvii, 347 p.
500 ## - GENERAL NOTE
General note 2095 26/08/2015 APD15/1021908 24/09/2015 Main Budget
942 ## - ADDED ENTRY ELEMENTS (KOHA)
Koha item type Books
Holdings
Withdrawn status Lost status Damaged status Not for loan Location (home branch) Sublocation or collection (holding branch) Date acquired Koha issues (times borrowed) Koha full call number Accession No. Koha date last seen Koha item type
        VIVEKANANDA LIBRARY VIVEKANANDA LIBRARY 21/01/2016   301.412 R568I(4) 350125 17/09/2023 Books
© Designed and Maintained by Vivekananda Library, MDU Rohtak